| 000 | 01199nmc a2200397 a 4500 | ||
|---|---|---|---|
| 003 | AR-BaBNM | ||
| 005 | 20251128204337.0 | ||
| 008 | 011101s1989 ||||||||||||||000 | spa|| | ||
| 020 | _a84-7046-154-0 | ||
| 040 | _cAR-BaBNM | ||
| 100 | 1 | _aCohen, Rachel | |
| 245 | 1 | 0 |
_aAprendizaje precoz de la lectura _b¿ a los 6 años es ya demasiado tarde ? |
| 260 |
_aMadrid _bCincel _c1989 |
||
| 300 |
_a204 p. _bgráfs. |
||
| 490 | 0 |
_aTemas de educación preescolar _vv. 2 |
|
| 500 | _aPrólogo de Gastón Mialaret | ||
| 500 | _aTraducción de Concha Jacob Castillo | ||
| 504 | _aBibliografía en castellano p. 191-192 | ||
| 504 | _aBibliografía en francés p. 193-204 | ||
| 650 | 4 | _aENSENANZA DE LA LECTURA | |
| 650 | 4 | _aAPRENDIZAJE | |
| 650 | 4 | _aLENGUAJE DEL NINO | |
| 650 | 4 | _aPAPEL DEL LENGUAJE | |
| 650 | 4 | _aPROCESO DE LECTURA | |
| 650 | 4 | _aHABITO DE LECTURA | |
| 650 | 4 | _aINICIACION EN LA LECTURA | |
| 650 | 4 | _aMADUREZ PARA LA LECTURA | |
| 650 | 4 | _aDESARROLLO DEL NINO | |
| 650 | 4 | _aDESARROLLO INTELECTUAL | |
| 650 | 4 | _aTRASTORNOS DEL HABLA | |
| 650 | 4 | _aCREATIVIDAD | |
| 653 | _aEDUCACION INICIAL | ||
| 653 | _aDISCAPACIDAD MOTORA | ||
| 942 | _cBK | ||
| 998 | _cCarmen | ||
| 999 |
_c7093 _d7093 |
||